000 00445nam a2200193Ia 4500
005 20240823035127.0
008 240823s9999||||xx |||||||||||||| ||und||
020 _a978-81-8468-004-1
041 _aENGLISH
082 _A823.914 P7
100 _aJames Hadley Chase
245 0 _aYou Have yourself a deal
250 _a1st
260 _c2007
_bMaster Mino
500 _aYES
650 _aNovel
_bEnglish
942 _cBK
999 _c199945
_d199945